00510 2200193 4500001002100000005001500021035002000036245004200056100002100098250001000119300002200129260004400151082001400195084002000209020001800229008004100247650001700288990001100305INLIS00000000000143120241001121349 a0010-11220000471 aTrigun :bMaximum /cYasuhiro Nightow0 aYasuhiro Nightow aVol.6 a187 :bilus ;c17 aJakarta :bElex Media Komputindo,c2008 a741.559 2 a741.559 2 YAS t a9789792718300241001 0  4aKomik Jepang a002644